20 zufällige Digimon nach Bildern - Statistiken

Allgemein
  • Dieses Quiz wurde 432 mal gespielt
  • Das Durchschnittsergebnis liegt bei 12 aus 20
Antwortstatistiken
Bildquiz Antwort % Korrekt
Angemon
100%
Garurumon
100%
Greymon
100%
Kabuterimon
100%
Metalgreymon
100%
Gomamon
95%
Leomon
95%
Togemon
95%
Patamon
94%
Wargreymon
94%
Angewomon
93%
Gatomon
93%
Hawkmon
92%
Agumon
91%
Gabumon
90%
Palmon
90%
Puppetmon
88%
Weregarurumon
86%
Stingmon
85%
Veemon
85%
Devimon
83%
Ikkakumon
83%
Magnaangemon
83%
Piximon
82%
Whamon
82%
Ogremon
81%
Tentomon
81%
Etemon
78%
Lillymon
77%
Metalseadramon
76%
Blackwargreymon
75%
Myotismon
75%
Garudamon
74%
Megakabuterimon
73%
Metalgarurumon
73%
Pegasusmon
72%
Ankylomon
71%
Demidevimon
71%
Wizardmon
71%
Armadillomon
70%
Guilmon
67%
Impmon
65%
Biyomon
64%
Flamedramon
64%
Growlmon
63%
Metaletemon
63%
Paildramon
63%
Raidramon
63%
Renamon
63%
Imperialdramon
62%
Aquilamon
61%
Wormmon
61%
Exveemon
60%
Gallantmon
60%
Lopmon
60%
Birdramon
59%
Piedmon
59%
Seraphimon
59%
Shurimon
59%
Terriermon
59%
Magnamon
57%
Megagargomon
57%
Agunimon
56%
Zudomon
56%
Gigasmon
55%
Kumamon
55%
Rapidmon
54%
Calumon
53%
Andromon
50%
Beelzemon
50%
Gargomon
50%
Kyubimon
50%
Lucemon
50%
Malomyotismon
50%
Saberleomon
50%
Submarimon
48%
Kendogarurumon
47%
Digmon
46%
Ophanimon
46%
Kaisergreymon
45%
Korikakumon
45%
Antylamon
44%
Apocalymon
44%
Arukenimon
44%
Halsemon
44%
Machinedramon
44%
Mummymon
44%
Nefertimon
44%
Venommyotismon
44%
Lobomon
43%
Löwemon
43%
Diaboromon
42%
Dynasmon
42%
Beetlemon
41%
Kaiserleomon
41%
Cherubimon
40%
Wargrowlmon
40%
Crusadermon
38%
Magnagarurumon
38%
Metalkabuterimon
36%
Susanoomon
36%
Taomon
35%
Calmaramon
33%
Duskmon
33%
Sephirothmon
33%
Zephyrmon
33%
Lanamon
32%
Beowolfmon
30%
Cyberdramon
30%
Burninggreymon
29%
Guardromon
29%
Kazemon
29%
Marineangemon
29%
Shakkoumon
28%
Sakuyamon
27%
Aldamon
25%
Arbormon
25%
Petaldramon
25%
Azulongmon
23%
Mercurymon
22%
Grumblemon
18%
Zhuqiaomon
17%
Baihumon
11%
Ebonwumon
11%
Justimon
11%
Sylphimon
11%
Keine übereinstimmenden Quizze gefunden
Verteilung der Resultate
Anzahl Personen mit jedem Resultat
Perzentil nach korrekt beantworteten Fragen
Ihre Resultats-Entwicklung
Sie haben dieses Quiz noch nicht gespielt